[Event "BIH-chT2"]
[Site "Tuzla"]
[Date "2015.10.18"]
[Round "4.2"]
[White "Obad, Andrija"]
[Black "Zacinovic, Alija"]
[Result "1-0"]
[WhiteElo "2201"]
[BlackElo "2226"]
[PlyCount "31"]
[EventDate "2015.10.16"]

1. e4 Nc6 2. Nf3 e5 3. Bc4 Be7 4. d4 d6 5. h3 Nf6 6. Nc3 O-O 7. O-O Nxe4 8.
Nxe4 d5 9. Bxd5 Qxd5 10. Nc3 Qc4 11. d5 e4 12. Nd2 Qd4 13. dxc6 f5 14. Nb3 Qxd1
15. Rxd1 bxc6 16. Bf4 1-0

[Event "BIH-chT2"]
[Site "Tuzla"]
[Date "2015.10.18"]
[Round "4.2"]
[White "Mrndjic, Armin"]
[Black "Komadaric, Edin"]
[Result "1-0"]
[WhiteElo "2122"]
[BlackElo "2155"]
[PlyCount "111"]
[EventDate "2015.10.16"]

1. d4 d5 2. c4 c6 3. Nc3 Nf6 4. cxd5 cxd5 5. Bf4 Nc6 6. e3 Bf5 7. Nf3 e6 8. Bb5
Bd6 9. Ne5 Bxe5 10. Bxe5 O-O 11. Bxc6 bxc6 12. O-O Ne4 13. Nxe4 Bxe4 14. f3 Bg6
15. Rc1 f6 16. Bg3 Qb6 17. Qa4 Rfc8 18. Qa3 a5 19. Rc3 Qb4 20. Rfc1 Be8 21. Bd6
Qxa3 22. bxa3 Rd8 23. Bc7 Rdc8 24. Bg3 a4 25. Rb1 Ra7 26. Rb6 Kf7 27. Rc2 Bd7
28. Bd6 Rca8 29. Rcb2 Ra5 30. Rb7 Ke8 31. Rb8+ Bc8 32. Rxc8+ Rxc8 33. Rb7 Raa8
34. Rxg7 h6 35. Rh7 Ra5 36. Re7+ Kd8 37. Rxe6 Kd7 38. Rxf6 Re8 39. Bb4 Raa8 40.
Kf2 Rh8 41. g4 Rh7 42. h4 Re8 43. Rd6+ Kc7 44. Rg6 Kb6 45. f4 Kb5 46. Kf3 Rc8
47. f5 Kc4 48. f6 Rf7 49. Rxh6 Kd3 50. Bd6 Re8 51. Bf4 c5 52. dxc5 d4 53. exd4
Re1 54. g5 Rf1+ 55. Kg4 Ke4 56. Be5 1-0

[Event "BIH-chT2"]
[Site "Tuzla"]
[Date "2015.10.18"]
[Round "4.2"]
[White "Rahmanovic, Mesan"]
[Black "Mataradzic, Almir"]
[Result "1-0"]
[WhiteElo "1948"]
[BlackElo "2088"]
[PlyCount "79"]
[EventDate "2015.10.16"]

1. e4 d6 2. d4 Nf6 3. Bd3 e5 4. dxe5 dxe5 5. Nf3 Nbd7 6. O-O Be7 7. Nc3 c6 8.
Ne2 Qc7 9. Ng3 Nc5 10. Be3 O-O 11. Qe2 a5 12. c4 Nxd3 13. Qxd3 Rd8 14. Qb3 Nd7
15. Qc3 b6 16. Rad1 f6 17. a3 a4 18. Nf5 Bf8 19. h3 Nc5 20. Ng3 Be6 21. Qc2
Rxd1 22. Rxd1 Qf7 23. Nd2 h5 24. Kh2 h4 25. Ne2 Rd8 26. Nc3 Bxc4 27. Nxc4 Rxd1
28. Nxd1 b5 29. Nxe5 Qc7 30. f4 fxe5 31. Bxc5 Bxc5 32. Qxc5 exf4 33. e5 Qd7 34.
Nc3 Qd3 35. Qf2 Qg3+ 36. Kg1 Qg5 37. e6 Qe5 38. Qe2 Qc5+ 39. Kh1 Kf8 40. Qd2
1-0

[Event "BIH-chT2"]
[Site "Tuzla"]
[Date "2015.10.18"]
[Round "4.3"]
[White "Nurkic, Sahbaz"]
[Black "Kekic, Armin"]
[Result "1-0"]
[WhiteElo "2372"]
[BlackElo "2231"]
[PlyCount "59"]
[EventDate "2015.10.16"]

1. e4 e5 2. Nf3 Nf6 3. Nc3 Nc6 4. Bb5 d6 5. d4 exd4 6. Nxd4 Bd7 7. O-O Nxd4 8.
Bxd7+ Qxd7 9. Qxd4 Be7 10. Bg5 h6 11. Bh4 Qg4 12. Bg3 O-O 13. Rad1 Rfd8 14. h3
Qe6 15. Nb5 Rd7 16. Rfe1 a6 17. Nc3 Bf8 18. f4 Rad8 19. Bh4 Be7 20. Nd5 Kf8 21.
Nxe7 Qxe7 22. Rd3 Qe6 23. Qb4 c5 24. Qb6 Re8 25. f5 Qxa2 26. Rxd6 Rde7 27. Rxf6
gxf6 28. Qxf6 Kg8 29. Re3 Kh7 30. Rg3 1-0

[Event "BIH-chT2"]
[Site "Tuzla"]
[Date "2015.10.18"]
[Round "4.3"]
[White "Omercic, Muhamed"]
[Black "Abdic, Adnan"]
[Result "0-1"]
[WhiteElo "2066"]
[BlackElo "2170"]
[PlyCount "142"]
[EventDate "2015.10.16"]

1. d4 d5 2. Nf3 Nf6 3. c4 c6 4. cxd5 cxd5 5. Nc3 Nc6 6. e3 a6 7. Bd3 Bg4 8. h3
Bxf3 9. gxf3 e5 10. dxe5 Nxe5 11. Be2 Bb4 12. f4 Nc6 13. a3 Bxc3+ 14. bxc3 Qd7
15. Bb2 O-O-O 16. Qa4 Rhe8 17. Rd1 Qe6 18. f5 Qxf5 19. Bxa6 Kc7 20. Bd3 Qf3 21.
Rf1 Ne4 22. Be2 Qxh3 23. Qb5 Qe6 24. a4 f5 25. a5 Ne5 26. Rd4 Qc6 27. Qb3 Nc5
28. Qb4 Nc4 29. Ba3 Na6 30. Qb3 Nxa5 31. Qc2 Re4 32. Rh1 h6 33. Bd3 Rxd4 34.
exd4 f4 35. Bg6 Nc4 36. Bc1 Qf6 37. Qf5 Qxf5 38. Bxf5 Rf8 39. Bd3 Rf6 40. f3 g5
41. Kf2 Re6 42. Bf5 Rf6 43. Bd3 Re6 44. Bf5 Rf6 45. Bd3 Kc6 46. Re1 Nc7 47. Re7
Nb5 48. Bxc4 dxc4 49. Bd2 Nc7 50. Re5 Nd5 51. Re8 Kd7 52. Rh8 b5 53. Rb8 Rb6
54. Rh8 b4 55. Rh7+ Ke8 56. Rh8+ Kf7 57. cxb4 c3 58. Be1 Rxb4 59. Ke2 Rxd4 60.
Rc8 Ra4 61. Kd3 Ra1 62. Bf2 Rf1 63. Bd4 Ne7 64. Rc7 Ke6 65. Bxc3 Rxf3+ 66. Kd4
Nf5+ 67. Kc4 Nd6+ 68. Kb4 Ne4 69. Bd4 h5 70. Rh7 h4 71. Kc4 Nd2+ 0-1

[Event "BIH-chT2"]
[Site "Tuzla"]
[Date "2015.10.18"]
[Round "4.4"]
[White "Rosic, Slavko S"]
[Black "Drazic, Sinisa"]
[Result "1-0"]
[WhiteElo "2279"]
[BlackElo "2430"]
[PlyCount "117"]
[EventDate "2015.10.16"]

1. e4 d6 2. d4 g6 3. Nf3 Bg7 4. Nc3 a6 5. Bc4 e6 6. Bg5 Ne7 7. Qd2 h6 8. Be3 b5
9. Bd3 Nd7 10. h4 Bb7 11. Ne2 c5 12. c3 c4 13. Bc2 Nf6 14. Ng3 Ng4 15. Nh2 Nxe3
16. Qxe3 e5 17. h5 exd4 18. cxd4 Qa5+ 19. Qc3 b4 20. Qd2 Qb6 21. hxg6 fxg6 22.
Nf3 O-O-O 23. Qe2 d5 24. O-O Kb8 25. exd5 Nxd5 26. Qxc4 Rc8 27. Qb3 Nf4 28. Be4
Ne2+ 29. Nxe2 Bxe4 30. a3 Rhe8 31. axb4 Qb7 32. Ng3 Bd5 33. Qa3 Re6 34. Rfe1
Rce8 35. Rxe6 Rxe6 36. Qa5 Rb6 37. Re1 Re6 38. Rxe6 Bxe6 39. Ne5 Bf6 40. Ne4
Be7 41. Nc5 Bxc5 42. dxc5 Bc8 43. Qd8 Qc7 44. Qf6 g5 45. Nc6+ Kb7 46. Na5+ Ka7
47. Qxh6 Qf4 48. Qg7+ Ka8 49. Qc3 Qe4 50. Qf3 Qxf3 51. gxf3 Be6 52. Kg2 Bd5 53.
Kg3 Kb8 54. f4 gxf4+ 55. Kxf4 Kc7 56. Ke5 Bg8 57. f4 Bf7 58. Kf6 Bd5 59. Ke7
1-0

[Event "BIH-chT2"]
[Site "Tuzla"]
[Date "2015.10.18"]
[Round "4.4"]
[White "Trkulja, Goran"]
[Black "Abdil, Halil"]
[Result "1/2-1/2"]
[WhiteElo "2320"]
[BlackElo "2211"]
[PlyCount "65"]
[EventDate "2015.10.16"]

1. d4 Nf6 2. Bg5 d5 3. Nd2 Nbd7 4. e3 e5 5. dxe5 Nxe5 6. Ngf3 Bd6 7. Be2 O-O 8.
O-O h6 9. Bh4 Ng6 10. Bg3 Bxg3 11. hxg3 c5 12. c4 Be6 13. Qc2 b6 14. Rfd1 Qc7
15. a3 Rac8 16. Rac1 Qb7 17. Bd3 Ne7 18. cxd5 Nexd5 19. e4 Ne7 20. e5 Nd7 21.
Nc4 Qc7 22. Qe2 Rcd8 23. Qe4 Bf5 24. Qf4 Bxd3 25. Rxd3 Ng6 26. Qf5 Ne7 27. Qg4
f5 28. Qh4 Ng6 29. Qh5 Ngxe5 30. Nfxe5 Nxe5 31. Rxd8 Rxd8 32. Qxf5 Nxc4 33.
Rxc4 1/2-1/2

[Event "BIH-chT2"]
[Site "Tuzla"]
[Date "2015.10.18"]
[Round "4.4"]
[White "Petrovic, Sasa"]
[Black "Burovic, Ismet"]
[Result "1/2-1/2"]
[WhiteElo "2225"]
[BlackElo "2324"]
[PlyCount "77"]
[EventDate "2015.10.16"]

1. d4 Nf6 2. c4 g6 3. Nc3 Bg7 4. Nf3 O-O 5. Bg5 h6 6. Bh4 c5 7. e3 cxd4 8. Nxd4
Nc6 9. Qd2 d6 10. Be2 Bd7 11. O-O Rc8 12. Rac1 Qa5 13. Rfd1 g5 14. Bg3 Rfd8 15.
b3 a6 16. f3 b5 17. Nxc6 Bxc6 18. Nd5 Qxd2 19. Nxf6+ Bxf6 20. Rxd2 b4 21. Rdc2
a5 22. Be1 Ra8 23. e4 Bd4+ 24. Bf2 Bc5 25. Rd1 Rdc8 26. Bxc5 dxc5 27. Rd3 Kf8
28. Rcd2 Ke8 29. Kf2 Rd8 30. Rxd8+ Rxd8 31. Rxd8+ Kxd8 32. Ke3 Kd7 33. Kf2 Kd8
34. Bd1 Kd7 35. Ke3 Ke6 36. g3 Kd6 37. f4 gxf4+ 38. gxf4 e5 39. f5 1/2-1/2

[Event "BIH-chT2"]
[Site "Tuzla"]
[Date "2015.10.18"]
[Round "4.4"]
[White "Bandic, Adnan"]
[Black "Pasalic, Adnan"]
[Result "1-0"]
[WhiteElo "2247"]
[BlackElo "2078"]
[PlyCount "129"]
[EventDate "2015.10.16"]

1. e4 e6 2. d4 d5 3. Bd3 Nf6 4. exd5 exd5 5. Ne2 Bg4 6. f3 Bh5 7. Bf4 Bd6 8.
O-O O-O 9. Nbc3 c6 10. Qd2 Qc7 11. Bxd6 Qxd6 12. Qf4 Qxf4 13. Nxf4 Nbd7 14. Kf2
Rfe8 15. Rfe1 Bg6 16. Nxg6 hxg6 17. g3 Nf8 18. Rxe8 Rxe8 19. b4 Ne6 20. Ne2 Rc8
21. a4 Kf8 22. c3 Ke7 23. h4 Ne8 24. Re1 Kd6 25. Nc1 b6 26. Nb3 Nf6 27. a5 c5
28. Ba6 Rc7 29. dxc5+ bxc5 30. b5 Nd7 31. Rd1 c4 32. Nd2 Kc5 33. Nf1 Nb8 34.
Ne3 d4 35. cxd4+ Nxd4 36. b6 axb6 37. axb6 Kxb6 38. Bxc4 Kc5 39. Bd5 Re7 40.
Be4 Ra7 41. Bd5 Nbc6 42. f4 Re7 43. Bxc6 Nxc6 44. Rd5+ Kb6 45. Rg5 Ra7 46. h5
Ra2+ 47. Kf1 Ne7 48. hxg6 fxg6 49. Re5 Nf5 50. Nxf5 gxf5 51. Rxf5 Ra7 52. Kg2
Kc6 53. Kh3 Kd6 54. Re5 Rf7 55. Kg4 Rf6 56. Kg5 Rh6 57. g4 Rf6 58. Re8 Kd7 59.
Rg8 Rf7 60. Ra8 Kd6 61. f5 Ke5 62. Re8+ Kd6 63. Kg6 Rb7 64. g5 Rb5 65. Rf8 1-0

[Event "BIH-chT2"]
[Site "Tuzla"]
[Date "2015.10.18"]
[Round "4.5"]
[White "Vajic, Goran"]
[Black "Radic, Bojan"]
[Result "1-0"]
[WhiteElo "2335"]
[BlackElo "2179"]
[PlyCount "75"]
[EventDate "2015.10.16"]

1. e4 c5 2. Nf3 d6 3. d4 cxd4 4. Nxd4 Nf6 5. Nc3 g6 6. f4 Nc6 7. Nxc6 bxc6 8.
Be3 Bg7 9. Be2 O-O 10. O-O Rb8 11. Rb1 Qa5 12. Qd2 Ng4 13. Bxg4 Bxg4 14. Bd4
Bxd4+ 15. Qxd4 Be6 16. b3 Qb6 17. Rbd1 f5 18. Rfe1 Kf7 19. Qxb6 axb6 20. e5
Rfd8 21. Kf2 dxe5 22. Rxd8 Rxd8 23. Rxe5 Kf6 24. Re2 h6 25. Na4 Rb8 26. c4 Bf7
27. c5 bxc5 28. Nxc5 Rd8 29. a4 Rd5 30. Rc2 e5 31. a5 exf4 32. a6 Rd8 33. Nb7
Rc8 34. b4 Bd5 35. b5 Ra8 36. b6 Rxa6 37. Nc5 Ra5 38. b7 1-0

[Event "BIH-chT2"]
[Site "Tuzla"]
[Date "2015.10.18"]
[Round "4.5"]
[White "Bajramovic, Halid"]
[Black "Ramic, Mirnes"]
[Result "1-0"]
[WhiteElo "2144"]
[BlackElo "2028"]
[PlyCount "111"]
[EventDate "2015.10.16"]

1. d4 Nf6 2. c4 g6 3. Nc3 Bg7 4. Nf3 d6 5. e4 O-O 6. Be2 c5 7. d5 e6 8. dxe6
Bxe6 9. Bf4 Qa5 10. O-O Nc6 11. Qc2 Rfd8 12. Rfd1 Ne8 13. Nb5 Qb6 14. h3 a6 15.
Nc3 Qa5 16. a3 Nd4 17. Nxd4 Bxd4 18. Nd5 Bxd5 19. exd5 Bg7 20. Rab1 Qc7 21. b4
b6 22. bxc5 bxc5 23. Qa4 Nf6 24. Qc6 Qe7 25. Bd3 Ne4 26. Re1 f5 27. Rb7 Qf6 28.
Bxe4 fxe4 29. Rxe4 Rac8 30. Rc7 Rb8 31. Kh2 Qf5 32. Rce7 Be5 33. Bxe5 dxe5 34.
Qc7 Qf6 35. Re6 Qxf2 36. Qxe5 Rb1 37. Re8+ Rxe8 38. Qxe8+ Kg7 39. Qe7+ Kg8 40.
Qd8+ Kg7 41. Qc7+ Kh6 42. Qf4+ Qxf4+ 43. Rxf4 Kg5 44. Kg3 Rd1 45. h4+ Kh6 46.
Re4 g5 47. Re6+ Kh5 48. Rc6 Rd3+ 49. Kf2 Kxh4 50. Ke2 Rxa3 51. d6 Ra2+ 52. Ke3
Rxg2 53. Rxc5 Rg3+ 54. Ke4 Rg4+ 55. Ke5 Rf4 56. d7 1-0

[Event "BIH-chT2"]
[Site "Tuzla"]
[Date "2015.10.18"]
[Round "4.5"]
[White "Mesic, Vehid"]
[Black "Cunjalo, Faris"]
[Result "1-0"]
[WhiteElo "1955"]
[BlackElo "2054"]
[PlyCount "51"]
[EventDate "2015.10.16"]

1. e4 c6 2. d4 d5 3. exd5 cxd5 4. Bf4 Nf6 5. c3 Nc6 6. Bd3 e6 7. Nf3 Bd6 8.
Bxd6 Qxd6 9. O-O O-O 10. Re1 a6 11. Ne5 Qc7 12. Nd2 Nxe5 13. dxe5 Nd7 14. Nf3
Rd8 15. Re3 Nf8 16. Nd4 Ng6 17. Qh5 Nf8 18. Bxh7+ Nxh7 19. Rh3 Kf8 20. Re1 Nf6
21. exf6 gxf6 22. Nf5 Ke8 23. Rg3 Kd7 24. Qxf7+ Kc6 25. Qxf6 Kb5 26. Nd4+ 1-0

[Event "BIH-chT2"]
[Site "Tuzla"]
[Date "2015.10.18"]
[Round "4.5"]
[White "Markovic, Dino"]
[Black "Sinanovic, Ermin"]
[Result "0-1"]
[WhiteElo "1993"]
[BlackElo "2122"]
[PlyCount "146"]
[EventDate "2015.10.16"]

1. d4 Nf6 2. c4 e5 3. dxe5 Ng4 4. Nf3 Bc5 5. e3 Nc6 6. Nbd2 Ngxe5 7. Be2 d6 8.
Nxe5 Nxe5 9. Nf3 Ng6 10. Bd2 a5 11. O-O O-O 12. Bc3 f5 13. Nd4 f4 14. exf4 Nxf4
15. Bf3 Qg5 16. Kh1 c6 17. Nb3 Bb6 18. Bd4 Bc7 19. Be3 Qf6 20. Qd4 Be6 21. Qxf6
Rxf6 22. Nd2 Nd3 23. Ne4 Rxf3 24. gxf3 Bxc4 25. b3 Bd5 26. Rg1 Rf8 27. Bd4 g6
28. Kg2 Bd8 29. Rad1 Nf4+ 30. Kf1 a4 31. Rb1 axb3 32. axb3 Ne6 33. Be3 Bc7 34.
Ke2 c5 35. h4 Rf5 36. Rgd1 Bc6 37. Ra1 b6 38. h5 d5 39. Ng3 Bb5+ 40. Ke1 Rxf3
41. Ra8+ Kf7 42. hxg6+ hxg6 43. Ra7 Kf6 44. Bc1 Bxg3 45. fxg3 Rf1+ 46. Kd2 Rf2+
47. Ke3 Re2+ 48. Kf3 Nd4+ 49. Rxd4 cxd4 50. Rb7 Re6 51. Bb2 Re3+ 52. Kg4 Re4+
53. Kf3 Be2+ 54. Kf2 b5 55. Bxd4+ Rxd4 56. Kxe2 Rb4 57. Ke3 Ke5 58. Re7+ Kd6
59. Rg7 Rxb3+ 60. Kf4 d4 61. Rxg6+ Kd5 62. Rg8 Re3 63. Rd8+ Kc4 64. Rc8+ Kb3
65. Rd8 Kc3 66. Rc8+ Kd2 67. Rd8 d3 68. Rb8 Ke2 69. Rxb5 d2 70. Rb2 Rf3+ 71.
Kg4 Rd3 72. Kf4 Rd4+ 73. Kf5 Kf3 0-1

[Event "BIH-chT2"]
[Site "Tuzla"]
[Date "2015.10.18"]
[Round "4.5"]
[White "Salkic, Mahir"]
[Black "Hadzic, Latif"]
[Result "1-0"]
[WhiteElo "1968"]
[BlackElo "2047"]
[PlyCount "99"]
[EventDate "2015.10.16"]

1. d4 Nf6 2. Nf3 d5 3. c4 e6 4. Nc3 Be7 5. Bg5 h6 6. Bf4 c6 7. e3 O-O 8. Qc2
Nbd7 9. cxd5 Nxd5 10. Nxd5 exd5 11. a3 Nf6 12. Bd3 Re8 13. O-O Bd6 14. Bg3 Ne4
15. Bxd6 Qxd6 16. Ne5 f6 17. Bxe4 dxe4 18. Nc4 Qd5 19. Nd2 Kh8 20. Qc5 Qe6 21.
Rac1 Kg8 22. Qc4 Qxc4 23. Nxc4 Rd8 24. Nd2 Bf5 25. Rc5 Rd5 26. Rfc1 Rad8 27. b4
Bg6 28. Kf1 Kf8 29. Nc4 Bf7 30. Nd2 Bg6 31. Ke2 Ke7 32. a4 Kd7 33. a5 Re8 34.
Nb3 Bf7 35. a6 bxa6 36. Rxc6 Rb8 37. Rc7+ Ke8 38. Nc5 Rxb4 39. Nxe4 Rb2+ 40.
Ke1 Bg6 41. Rxg7 Bxe4 42. Rc8+ Rd8 43. Rg8+ Ke7 44. Rcxd8 Bd3 45. Ra8 Re2+ 46.
Kd1 Rxf2 47. Rxa7+ Ke6 48. d5+ Kd6 49. Rd8+ Kc5 50. Rc7+ 1-0

[Event "BIH-chT2"]
[Site "Tuzla"]
[Date "2015.10.18"]
[Round "4.5"]
[White "Kustura, Hajrudin"]
[Black "Salkic, Midhat"]
[Result "0-1"]
[WhiteElo "1609"]
[BlackElo "1999"]
[PlyCount "104"]
[EventDate "2015.10.16"]

1. e4 c5 2. Nf3 a6 3. Nc3 e6 4. a4 Nc6 5. Bc4 Qc7 6. d3 Nf6 7. Qe2 d6 8. Bg5
Be7 9. h3 O-O 10. g4 Bd7 11. Bd2 Nd4 12. Qd1 d5 13. exd5 exd5 14. Ba2 Nxf3+ 15.
Qxf3 Bc6 16. O-O d4 17. Nd5 Qd7 18. Nxe7+ Qxe7 19. Qf4 Qd7 20. Bb3 Rae8 21. a5
Nd5 22. Bxd5 Qxd5 23. f3 h6 24. Rf2 Re6 25. b3 Rf6 26. Qe4 Qd6 27. Qe2 Qg3+ 28.
Rg2 Qxh3 29. Rh2 Qxf3 30. Qxf3 Rxf3 31. g5 hxg5 32. Re1 Re8 33. Rxe8+ Bxe8 34.
Bxg5 f6 35. Bd2 Bc6 36. Rf2 Rh3 37. Rf5 Kf7 38. Rxc5 g5 39. Rc4 g4 40. Rxd4 g3
41. Kf1 g2+ 42. Kf2 Rf3+ 43. Kxg2 Rxd3+ 44. Kf2 Rxd4 45. Ke3 Rg4 46. b4 Rc4 47.
c3 f5 48. Be1 Re4+ 49. Kd2 f4 50. Bf2 f3 51. Be3 Bb5 52. Bc5 f2 0-1

[Event "BIH-chT2"]
[Site "Tuzla"]
[Date "2015.10.18"]
[Round "5.1"]
[White "Radic, Bojan"]
[Black "Rasidovic, Sead"]
[Result "1-0"]
[WhiteElo "2179"]
[BlackElo "2337"]
[PlyCount "109"]
[EventDate "2015.10.16"]

1. e4 e6 2. d3 d5 3. Qe2 Be7 4. Nf3 Nf6 5. g3 c5 6. Bg2 b6 7. O-O dxe4 8. dxe4
Ba6 9. c4 Nc6 10. e5 Nd7 11. Nc3 O-O 12. Rd1 Qc8 13. Bf4 Rd8 14. h4 Nf8 15. h5
Rb8 16. Nb5 Bb7 17. Rxd8 Qxd8 18. Rd1 Qe8 19. h6 Ng6 20. hxg7 Nxf4 21. gxf4
Kxg7 22. Ng5 h6 23. Ne4 Qf8 24. Ned6 Ba8 25. f5 Kh8 26. f6 Bxd6 27. Nxd6 Qg8
28. Qh5 Nxe5 29. Qxh6+ Qh7 30. Qxh7+ Kxh7 31. f4 Rg8 32. fxe5 Rxg2+ 33. Kf1 Kg6
34. Nb5 Rg5 35. Rd8 Bg2+ 36. Kf2 Be4 37. Rg8+ Kh5 38. Rxg5+ Kxg5 39. Ke3 Bg6
40. Nxa7 Kf5 41. Nc6 Bh5 42. Ne7+ Kxe5 43. Nc8 Kxf6 44. Nxb6 Ke7 45. a3 Kd6 46.
b4 e5 47. b5 f5 48. a4 f4+ 49. Kf2 e4 50. a5 e3+ 51. Ke1 Ke5 52. Nd5 Kd4 53.
Nxf4 Bg4 54. a6 Ke5 55. Nd5 1-0

[Event "BIH-chT2"]
[Site "Tuzla"]
[Date "2015.10.18"]
[Round "5.1"]
[White "Avdic, Mirza"]
[Black "Bajramovic, Halid"]
[Result "1/2-1/2"]
[WhiteElo "2221"]
[BlackElo "2144"]
[PlyCount "60"]
[EventDate "2015.10.16"]

1. d4 d5 2. Nf3 Nf6 3. c4 c6 4. Qc2 g6 5. Bf4 Bg7 6. Nbd2 O-O 7. h3 Na6 8. a3
c5 9. e3 cxd4 10. exd4 dxc4 11. Bxc4 Nd5 12. Bg3 Nac7 13. O-O Ne6 14. Be5 b6
15. Rfe1 Bb7 16. Rad1 Ndf4 17. Ne4 Rc8 18. Qb3 Bd5 19. Bxd5 Qxd5 20. Qb4 Qb7
21. Nc5 Nxc5 22. dxc5 Ne6 23. Bxg7 Kxg7 24. cxb6 axb6 25. Nd4 Nxd4 26. Rxd4 Rc7
27. Rde4 e6 28. Qd4+ Kg8 29. Qe3 Rc5 30. Rh4 Re8 1/2-1/2

[Event "BIH-chT2"]
[Site "Tuzla"]
[Date "2015.10.18"]
[Round "5.1"]
[White "Cunjalo, Faris"]
[Black "Hadzovic, Amir"]
[Result "0-1"]
[WhiteElo "2054"]
[BlackElo "2218"]
[PlyCount "52"]
[EventDate "2015.10.16"]

1. d4 Nf6 2. c4 d6 3. Nf3 Nbd7 4. Nc3 e5 5. e4 Be7 6. Be2 O-O 7. O-O h6 8. Re1
Nh7 9. Bf1 Ng5 10. Nxg5 Bxg5 11. Bxg5 Qxg5 12. dxe5 dxe5 13. b4 a5 14. a3 c6
15. Qd6 Re8 16. Rad1 Nf8 17. Qd2 Qf6 18. bxa5 Ne6 19. Na4 Qg5 20. Qc3 Nd4 21.
Nb6 Ra7 22. f3 Be6 23. c5 h5 24. Bc4 h4 25. Rf1 Bxc4 26. Nxc4 Ne2+ 0-1

[Event "BIH-chT2"]
[Site "Tuzla"]
[Date "2015.10.18"]
[Round "5.1"]
[White "Mestrovic, Zvonimir"]
[Black "Markovic, Dino"]
[Result "1/2-1/2"]
[WhiteElo "2271"]
[BlackElo "1993"]
[PlyCount "94"]
[EventDate "2015.10.16"]

1. e4 e6 2. e5 d5 3. exd6 Bxd6 4. d4 Nd7 5. Nc3 a6 6. Ne4 Ngf6 7. Nxd6+ cxd6 8.
Nf3 O-O 9. Be2 b5 10. O-O Bb7 11. a4 b4 12. a5 Rc8 13. Bd2 Nd5 14. Bd3 N7f6 15.
Qe2 Ra8 16. c4 bxc3 17. bxc3 Qc7 18. c4 Ne7 19. Bf4 Qd7 20. Bg5 Ne8 21. Rfb1
Nf6 22. Bxf6 gxf6 23. Rb6 Ng6 24. Rab1 Bc6 25. Qe3 Kg7 26. d5 exd5 27. Nd4 Rfe8
28. Nf5+ Kh8 29. Qh6 Rg8 30. cxd5 Bb5 31. Rxd6 Qc7 32. Bxb5 axb5 33. a6 Qc2 34.
Rc1 Qxf5 35. g3 Rgd8 36. Rcc6 Rxd6 37. Rxd6 Qe5 38. Rc6 Qxd5 39. Rc1 Re8 40. h4
Qe6 41. a7 Ra8 42. Rc7 Kg8 43. h5 Ne5 44. Rb7 Nf3+ 45. Kg2 Nh4+ 46. Kh2 Nf3+
47. Kg2 Ne1+ 1/2-1/2

[Event "BIH-chT2"]
[Site "Tuzla"]
[Date "2015.10.18"]
[Round "5.1"]
[White "Hadzic, Latif"]
[Black "Strinic, Halid"]
[Result "0-1"]
[WhiteElo "2047"]
[BlackElo "2109"]
[PlyCount "80"]
[EventDate "2015.10.16"]

1. e4 c5 2. Nf3 d6 3. Bb5+ Nd7 4. O-O a6 5. Bxd7+ Bxd7 6. d4 cxd4 7. Nxd4 Nf6
8. Nc3 e6 9. Bg5 Be7 10. Qe2 Qc7 11. Rfe1 h6 12. Bh4 b5 13. Rad1 O-O 14. Bg3 b4
15. Nb1 Rfd8 16. c4 Be8 17. b3 Nd7 18. Nd2 Ne5 19. f4 Nc6 20. N2f3 Nxd4 21.
Nxd4 a5 22. f5 e5 23. Nc2 Bc6 24. Bf2 Qb7 25. Qg4 a4 26. Be3 Kf8 27. Bf2 axb3
28. axb3 Ra2 29. Ne3 Bxe4 30. Nd5 Bxd5 31. Rxd5 Qa6 32. c5 Qa8 33. Red1 Ra1 34.
cxd6 Rxd6 35. Rxd6 Bxd6 36. h4 Rxd1+ 37. Qxd1 Qc6 38. Qd2 Ke7 39. Be1 Qe4 40.
Qf2 Kf6 0-1

[Event "BIH-chT2"]
[Site "Tuzla"]
[Date "2015.10.18"]
[Round "5.1"]
[White "Kurtcehajic, Suad"]
[Black "Redzepi, Mehmedalija"]
[Result "1-0"]
[WhiteElo "2057"]
[BlackElo "1909"]
[PlyCount "78"]
[EventDate "2015.10.16"]

1. e4 e6 2. d4 d5 3. Nd2 Nf6 4. e5 Nfd7 5. Bd3 c5 6. c3 Nc6 7. Ne2 Qb6 8. Nf3
Qa5 9. O-O b5 10. Bd2 c4 11. Bc2 Qb6 12. Re1 a5 13. b3 Ne7 14. bxc4 dxc4 15.
Rb1 Nd5 16. Nf4 Bb7 17. Qe2 Qa6 18. Nxd5 Bxd5 19. Be4 Nb6 20. Ng5 Bxe4 21. Nxe4
Nd5 22. f4 b4 23. Qf3 Rb8 24. f5 b3 25. fxe6 fxe6 26. Nd6+ Kd7 27. axb3 cxb3
28. c4 Bxd6 29. cxd5 Rhf8 30. dxe6+ Ke8 31. Qh5+ g6 32. Qxh7 Be7 33. Qxg6+ Kd8
34. Bg5 Re8 35. d5 Qb6+ 36. Be3 Bc5 37. Qg5+ Kc7 38. Rbc1 Kb7 39. Bxc5 Qb5 1-0

[Event "BIH-chT2"]
[Site "Tuzla"]
[Date "2015.10.18"]
[Round "5.2"]
[White "Drazic, Sinisa"]
[Black "Vajic, Goran"]
[Result "1-0"]
[WhiteElo "2430"]
[BlackElo "2335"]
[PlyCount "135"]
[EventDate "2015.10.16"]

1. d4 Nf6 2. c4 g6 3. Nc3 Bg7 4. Nf3 O-O 5. e4 d6 6. Be2 e5 7. O-O Nc6 8. Be3
Ng4 9. Bg5 f6 10. Bc1 Nh6 11. dxe5 dxe5 12. Be3 Bg4 13. Qd5+ Rf7 14. Rad1 Qc8
15. Qd2 Bxf3 16. Bxf3 Ng4 17. Bc5 h5 18. h3 Nh6 19. Be3 Kh7 20. c5 Qf8 21. Ne2
Rd8 22. Qc2 Rfd7 23. Rxd7 Rxd7 24. Rd1 Rxd1+ 25. Qxd1 Qd8 26. Qb3 Qc8 27. a3
Nd8 28. Qa4 a6 29. Bxh6 Kxh6 30. Qe8 Qb8 31. Ng3 Nc6 32. Qf7 Kh7 33. Bxh5 gxh5
34. Nxh5 Qf8 35. Nxf6+ Kh8 36. Qh5+ Bh6 37. Ng4 Kh7 38. b4 Qg7 39. Qf5+ Qg6 40.
Qc8 Bg7 41. Qxc7 Qg5 42. Qxb7 Nd4 43. Qxa6 Qc1+ 44. Kh2 Qf4+ 45. Kg1 Qc1+ 46.
Kh2 Qf4+ 47. g3 Nf3+ 48. Kg2 Qxe4 49. Qh6+ Kg8 50. Qe3 Nh4+ 51. Kf1 Qh1+ 52.
Ke2 Nf5 53. Qb3+ Kf8 54. Qf3 Qxf3+ 55. Kxf3 Ke7 56. Ke4 Ke6 57. h4 Nd4 58. Ne3
Nb5 59. Nc4 Nc3+ 60. Ke3 Kd5 61. Nb6+ Kc6 62. f3 Bf6 63. Kd3 Nb5 64. Nc4 Kd5
65. a4 Nd4 66. Ne3+ Ke6 67. a5 Nc6 68. Kc4 1-0

[Event "BIH-chT2"]
[Site "Tuzla"]
[Date "2015.10.18"]
[Round "5.2"]
[White "Ramic, Mirnes"]
[Black "Trkulja, Goran"]
[Result "1-0"]
[WhiteElo "2028"]
[BlackElo "2320"]
[PlyCount "105"]
[EventDate "2015.10.16"]

1. e4 c5 2. Nf3 e6 3. Nc3 a6 4. g3 b5 5. Bg2 Bb7 6. d3 d6 7. O-O Nf6 8. Ne1 Be7
9. f4 Nc6 10. h3 Qc7 11. Be3 Nd4 12. Ne2 e5 13. c3 Nxe2+ 14. Qxe2 O-O 15. g4 c4
16. g5 cxd3 17. Qxd3 Nd7 18. f5 Nc5 19. Qc2 Qc6 20. f6 Bd8 21. Nd3 Nxd3 22.
Qxd3 gxf6 23. gxf6 Bb6 24. Kh2 Bxe3 25. Qxe3 Kh8 26. Bf3 Rg8 27. Rg1 Qc5 28.
Qd2 Rad8 29. Raf1 Rg6 30. Rxg6 fxg6 31. Qh6 Qc7 32. Bg4 Qf7 33. Be6 Qf8 34. Qg5
Re8 35. Bb3 Rc8 36. f7 Kg7 37. Qf6+ Kh6 38. Be6 Rc7 39. Qh4+ Kg7 40. Kg3 h6 41.
Qf6+ Kh7 42. Qf3 Ba8 43. Bb3 b4 44. cxb4 Bb7 45. h4 h5 46. Qe3 d5 47. Qf2 dxe4
48. Qb6 Rd7 49. Bc4 Bd5 50. Qc5 Qxc5 51. bxc5 Bxc4 52. f8=Q Bxf1 53. Qxf1 1-0

[Event "BIH-chT2"]
[Site "Tuzla"]
[Date "2015.10.18"]
[Round "5.2"]
[White "Burovic, Ismet"]
[Black "Mesic, Vehid"]
[Result "1/2-1/2"]
[WhiteElo "2324"]
[BlackElo "1955"]
[PlyCount "40"]
[EventDate "2015.10.16"]

1. e4 e5 2. f4 d5 3. exd5 e4 4. d3 Nf6 5. dxe4 Nxe4 6. Be3 Qh4+ 7. g3 Nxg3 8.
Nf3 Qh5 9. hxg3 Qxh1 10. Kf2 Qh5 11. Nc3 Bd6 12. Qd4 O-O 13. Bg2 Re8 14. Ne4
Bf5 15. Nxd6 cxd6 16. Rh1 Qg4 17. Bh3 Qh5 18. Bg2 Qg4 19. Bh3 Qh5 20. Bg2 Qg4
1/2-1/2

[Event "BIH-chT2"]
[Site "Tuzla"]
[Date "2015.10.18"]
[Round "5.2"]
[White "Sinanovic, Ermin"]
[Black "Bandic, Adnan"]
[Result "1-0"]
[WhiteElo "2122"]
[BlackElo "2247"]
[PlyCount "73"]
[EventDate "2015.10.16"]

1. Nf3 d5 2. d4 e6 3. c4 c6 4. cxd5 exd5 5. Nc3 Bd6 6. Bg5 Ne7 7. e3 f6 8. Bh4
Bg4 9. h3 Be6 10. Bd3 Qd7 11. e4 dxe4 12. Nxe4 Bb4+ 13. Kf1 O-O 14. a3 Bd6 15.
Nxd6 Qxd6 16. Qc2 g6 17. Bg3 Qd8 18. Re1 Bf7 19. h4 h6 20. Bf4 Kg7 21. Rh3 Rh8
22. Rg3 g5 23. hxg5 hxg5 24. Kg1 Rh5 25. Nxg5 fxg5 26. Rxg5+ Rxg5 27. Bxg5 Qxd4
28. Rxe7 Nd7 29. Rxf7+ Kxf7 30. Bc4+ Kg7 31. Bd2 Nf6 32. Bc3 Qf4 33. g3 Qg5 34.
Qe2 Kf8 35. Bd2 Qg6 36. Bb4+ Kg7 37. Qe7+ 1-0

[Event "BIH-chT2"]
[Site "Tuzla"]
[Date "2015.10.18"]
[Round "5.3"]
[White "Abdil, Halil"]
[Black "Komic, Ibrahim"]
[Result "1/2-1/2"]
[WhiteElo "2211"]
[BlackElo "2231"]
[PlyCount "72"]
[EventDate "2015.10.16"]

1. e4 c5 2. Nf3 e6 3. Nc3 a6 4. g3 b5 5. d4 cxd4 6. Nxd4 Bb7 7. Bg2 Nf6 8. O-O
b4 9. Na4 Bxe4 10. Bxe4 Nxe4 11. Re1 Nc5 12. Qf3 Ra7 13. Nxc5 Bxc5 14. Be3 Rc7
15. Red1 O-O 16. Bf4 Rc8 17. Bxb8 Qb6 18. Nb3 Qxb8 19. Rxd7 Qb5 20. Rad1 Bb6
21. Rb7 Rc7 22. Nd4 Qc5 23. Rxc7 Qxc7 24. Qc6 Qa7 25. Qe4 Rd8 26. c3 bxc3 27.
bxc3 Bxd4 28. cxd4 g6 29. h4 Rd5 30. g4 Qd7 31. f4 h5 32. g5 Qa4 33. Kf2 Qb4
34. Qd3 Qd6 35. Qe4 Qb4 36. Qd3 Rd7 1/2-1/2